000 00263nam a2200097Ia 4500
008 220204s9999 xx 000 0 und d
082 _a336.7(035)
_bCOL
245 0 _aHandbook of rupee companies
260 _aColombo
_bColombo Brokers' Association
_c1945
942 _cBK
999 _c19806
_d19806